000 00629nam a22002177a 4500
003 0
005 20260117142246.0
008 260117b xxu||||| |||| 00| 0 eng d
020 _a978-0-593-56669-5
050 _aER
_bHa111 2023
082 _aER
_bHa111 2023
100 _aHopkinson, Deborah
245 _aHappy earth day!
_cDeborah Hopkin
260 _aNew York, NY :
_bGolden Books,
_c2023.
300 _a24 pages :
_bcolored illustrations ;
_c21 cm.
650 _aEarth Day
_vJuvenile literature.
650 _aPicture books.
650 _aJuvenile works.
700 _aZivoin, Jennifer,
_eillustrator.
942 _2ddc
_cBK
999 _c368737
_d368737